000 01048nam a2200253 a 4500
008 120416s1985 ||||||||||||||||| || u
020 _a9221031004
050 _aHD 2118 Agr
100 _aGhai, Dharam P
245 1 0 _aAgrarian policies and rural poverty in Africa
_cedited by Dharam Ghai
260 _aGeneva:
_bInternational Labour Office
_c1985
300 _aix, 311p. : ill.
350 _a0.00
490 _aA WEP study
500 _aIncludes bibliographical references.
650 _aLAND REFORM--AFRICA
650 0 _aAGRICULTURE AND STATE--AFRICA
650 _aAFRICA--SOCIAL CONDITIONS
650 _aAGRICULTURE
650 _aRURAL DEVELOPMENT--GOVERNMENT POLICY--AFRICA
650 _aRURAL POOR--AFRICA
995 _aANNEX COLLECTION (Main Library)
_D0.00
_e708421
_FCBU-MAIN LIBRARY (Kitwe)
_H2
_I115.50
_jHD 2118 Agr
_M2
_UAVAILABLE
_y005051
_ZAnnex Low-Usage Collection
995 _aMAIN LIBRARY OPEN ACCESS
_D0.00
_e708420
_FCBU-MAIN LIBRARY (Kitwe)
_H1
_I115.50
_jHD 2118 Agr
_M1
_UAVAILABLE
_y005050
_ZMain Library Open Access Collection
999 _c83837
_d83837